000 01165nkm a2200265 i 4500
001 3699
003 ES-MaACL
005 20250713062805.0
007 khrbo
008 070605s1986 sp --- g |001||spa d
100 0 _aAlfonso,
_d1902-1990
_919858
245 1 0 _aPresentación del libro de poemas "Contactos" de Graciela Baquero [
_hFotografía] /
_cAlfonso (sello).
260 _a[S.l. :
_bs.n.],
_c1986.
300 _a8 fot. :
_bb. y n. ;
_c12 x 18 cm.
500 _aDatos basados en invitación.
511 0 _aInterviene: Graciela Baquero; presentación a cargo de Fanny Rubio.
518 _aActo organizado por el Ateneo de Madrid en colaboración con Arnao ediciones, celebrado en la sala de la cacharrería el miércoles, 26 de enero de 1986, a las 20:00 h.
600 1 4 _aBaquero Ruibal, Graciela.
_925266
600 1 4 _aRubio, Fanny,
_d1949-
_9100343
610 2 4 _aAteneo de Madrid-
_xActos culturales-
_y1986-
_vFotografías.
_91901
710 2 _aAteneo de Madrid.
_91875
852 _aES-MaACL
_jFOT 21/1986
856 4 _uhttp://www.ateneodemadrid.net/biblioteca_digital/imagenes/1986/0021-1986.jpg
_zVer imagen
999 _c3699
_d3699